000 00495cam a2200181ua 4500
020 _a81-204-0007-0
_c102.00
041 _aeng
_h
082 _a620.112 23
_bBAN/IN
100 _aBanerjee, S N .
245 _aIntroduction to science of corrosion and its inhibition /
_cS N Banerjee.
_hTextual Documents
250 _a1 /
_b.
260 _aNew Delhi :
_bOxonian Press Pvt Ltd ,
_c1985.
300 _a624 ; .
365 _a102.00
504 _a
942 _cBK
999 _c9822
_d9822